Graphis
| Corporate Authors: | , |
|---|---|
| Format: | Electronic Journal |
| Language: | English French German |
| Published: |
Zürich :
Amstutz and Herdeg.
New York : Graphis Inc. |
| Subjects: | |
| Online Access: | Full text available from Research Library: 11/01/2000 to 01/31/2005 |
MARC
| LEADER | 00000nas a22000001i 4500 | ||
|---|---|---|---|
| 001 | ssj0005865 | ||
| 003 | WaSeSS | ||
| 005 | 20200512172242.0 | ||
| 006 | m d | ||
| 007 | cr n | ||
| 008 | 751101c19449999nyuqr p s 0 b0eng | ||
| 010 | |a 49025759 |z sn 95009882 | ||
| 016 | 7 | |a 0045367 |2 DNLM | |
| 016 | 7 | |a G11480000 |2 DNLM | |
| 016 | 7 | |a 009194137 |2 Uk | |
| 022 | |l 0017-3452 |y 0017-3452 | ||
| 035 | |a (WaSeSS)ssj0005865 | ||
| 040 | |a DLC |b eng |c MUL |d COO |d OCL |d NYG |d IUL |d OCL |d RCS |d AIP |d NSD |d NST |d WAU |d DLC |d GUA |d NLM |d OCLCQ |d IUL |d CDS |d IUL |d NLGGC |d RBN |d OCLCQ |d LGG |d GUA |d HUL |d GUA |d OCLCQ |d UKMGB |d OCLCF |d OCLCO |d OCLCQ |d OCLCO |d PAU |d OCLCO |d OCLCQ |d CSJ |d AVA |d OCLCA |d OCLCQ |d GILDS |d OCLCA |d CEF |d IUL |d OCLCQ |d OCLCO |d PHUST |d OCLCQ |d OCLCO |d OCLCA |d CANPU |d HTM |d OCLCQ |d WaSeSS | ||
| 041 | 0 | |a eng |a fre |a ger | |
| 042 | |a nsdp |a msc |a premarc | ||
| 050 | 0 | 0 | |a N8 |b .G73 |
| 050 | 4 | |a NC1 |b .G7 | |
| 060 | 1 | 0 | |a W1 |b GR238 |
| 082 | 0 | 0 | |a 705 |
| 210 | 0 | |a Graphis |b (Zür.) | |
| 222 | 0 | |a Graphis |b (Zürich) | |
| 245 | 0 | 0 | |a Graphis |h [electronic resource]. |
| 246 | 1 | 1 | |a International journal of visual communication |
| 246 | 1 | |i Issues for 2017- called: |a Graphis journal | |
| 260 | |a Zürich : |b Amstutz and Herdeg. | ||
| 260 | |3 <1986-> : |a New York : |b Graphis Inc. | ||
| 310 | |a Quarterly, |b 2017- | ||
| 321 | |a Six no. a year, |b <-2005> | ||
| 362 | 0 | |a V. 1- | |
| 500 | |a "International journal of graphic art and applied art; Internationale Zweimonatsschrift für Graphik und angewandte Kunst; Revue internationale d'arts graphiques et d'arts appliqués." | ||
| 506 | |a License restrictions may limit access. | ||
| 515 | |a Issue for <May/June 2001>-Jan./Apr. 2005 called also <issue 333>-355; suspended 2006-2016. | ||
| 525 | |a Some issues accompanied by CD-ROM. | ||
| 546 | |a Subtitle and text also in German and French. | ||
| 550 | |a "Offizielles organ des Verbandes Schweizerischer Graphiker (V.S.G.)." | ||
| 555 | |a Vols. 1-9, 1945-53. 1 v. | ||
| 588 | 1 | |a # 357 (published 2018). | |
| 650 | 0 | |a Art |v Periodicals. | |
| 650 | 0 | |a Decorative arts |v Periodicals. | |
| 650 | 0 | |a Industrial arts |v Periodicals. | |
| 650 | 0 | |a Graphic arts |v Periodicals. | |
| 650 | 2 | |a Art. | |
| 650 | 6 | |a Art |v Périodiques. | |
| 650 | 6 | |a Arts décoratifs |v Périodiques. | |
| 650 | 6 | |a Métiers |v Périodiques. | |
| 650 | 7 | |a Art. |2 fast |0 (OCoLC)fst00815177 | |
| 650 | 7 | |a Decorative arts. |2 fast |0 (OCoLC)fst00889315 | |
| 650 | 7 | |a Industrial arts. |2 fast |0 (OCoLC)fst00970804 | |
| 650 | 7 | |a Commercial art. |2 fast |0 (OCoLC)fst00869331 | |
| 650 | 7 | |a Graphic arts. |2 fast |0 (OCoLC)fst00946595 | |
| 650 | 1 | 7 | |a Grafische kunst. |2 gtt |
| 650 | 1 | 7 | |a Kunstnijverheid. |2 gtt |
| 655 | 0 | |a Electronic journals. | |
| 710 | 2 | |a Verband Schweizerischer Graphiker. | |
| 710 | 2 | |a Graphis, Inc. | |
| 850 | |a CaOOSM |a DLC |a NcRS |a OU |a WaU | ||
| 853 | 2 | 0 | |8 1 |a (*) |i (year) |j (month) |w b |
| 853 | 2 | 0 | |8 1 |a v. |b issue |u 6 |v r |i (year) |j (month/month) |w b |x 01/02 |
| 856 | 4 | 0 | |z Full text available from Research Library: 11/01/2000 to 01/31/2005 |u https://search.proquest.com/publication/36872 |
| 863 | 4 | 1 | |8 1.1 |a <333> |i <2001> |j <05/06> |
| 863 | 4 | 1 | |8 1.1 |a <60> |b <354> |i <2004> |j <11/12> |